[Event "CAT-chT Honor Division 2019"]
[Site "Catalonia"]
[Date "2019.03.30"]
[Round "11.6"]
[White "Romero Holmes, Alfonso"]
[Black "Alonso Moyano, Jonathan"]
[Result "1/2-1/2"]
[WhiteElo "2423"]
[BlackElo "2374"]
[Annotator "TA"]
[PlyCount "70"]
[EventDate "2019.01.16"]
[EventType "team-tourn"]
[EventCountry "ESP"]
[SourceTitle "playchess.com"]
[Source "ChessBase"]
[SourceQuality "1"]
[WhiteTeam "Colon Sabadell Chessy"]
[BlackTeam "CE Barbera"]

{[%evp 11,70,-3,0,0,0,-11,4,0,14,27,41,12,40,34,50,6,54,17,11,16,35,25,24,11,27,0,12,0,0,0,9,-32,-65,-75,-81,-77,-47,-52,-48,-52,-52,-58,-51,-57,-60,-96,-88,-96,-55,-66,-16,-64,-47,-102,-37,-30,0,0,0,0,0]} 1. d4 d5 2. Bf4 Nf6 3. e3 e6 4. Nd2 c5 5. c3 Nc6 6. Bd3 Bd6 7. Bxd6 {D00: 1 d4 d5: Unusual lines} Qxd6 8. f4 Bd7 9. Nh3 (9. a3 Ne7 10. Ngf3 Qb6 11. Rb1 Bb5 12. Bxb5+ Qxb5 13. Qe2 Qxe2+ 14. Kxe2 Rc8 {1-0 (58) Duda,J (2717)-Dziuba,M (2584) Katowice 2017}) 9... O-O-O 10. O-O Kb8 11. Rb1 $146 ({Predecessor:} 11. Nf3 Ng4 12. Qe2 f5 13. Ne5 Ngxe5 14. fxe5 Qe7 {0-1 (33) Vinal Gutierrez,P (2062)-Glavina,P (2400) Linares 2018}) 11... Bc8 12. Qe2 Nd7 13. b4 cxd4 14. exd4 f6 15. Nb3 Rde8 16. Qd2 h6 17. a4 e5 18. fxe5 (18. a5 {with more complications.} e4 19. Be2 f5 20. b5 Nd8 21. b6) 18... fxe5 19. Bb5 Nf6 20. dxe5 Rxe5 21. Bxc6 Bxh3 22. gxh3 {[#] aiming for Bb5.} Qxc6 23. Nd4 Qe8 24. Qf4 {Threatens to win with Rbe1.} Qg6+ 25. Kh1 Qe4+ 26. Qf3 Rc8 27. Rbc1 Rh5 28. Qxe4 dxe4 29. Rg1 Rxh3 30. Rxg7 Rcxc3 31. Rxc3 Rxc3 $17 {KRN-KRN} 32. Nb5 (32. Rg6 $15 Nd5 33. Rxh6) 32... Rc1+ (32... Rc6 $17 {Hoping for ...a6.} 33. Rf7 Nd5) 33. Kg2 $15 Nd5 34. Nd6 Rc2+ 35. Kf1 Ne3+ {Accuracy: White = 42%, Black = 39%.} 1/2-1/2

[Event "CAT-chT Honor Division 2019"]
[Site "Catalonia"]
[Date "2019.03.30"]
[Round "11.6"]
[White "Grafl, Florian, Dr."]
[Black "Gutierrez Clares, Joaquim"]
[Result "1-0"]
[WhiteElo "2340"]
[BlackElo "2250"]
[Annotator "NA"]
[PlyCount "51"]
[EventDate "2019.01.16"]
[EventType "team-tourn"]
[EventCountry "ESP"]
[SourceTitle "playchess.com"]
[Source "ChessBase"]
[SourceQuality "1"]
[WhiteTeam "EEB"]
[BlackTeam "SJO"]
[TimeControl "5400+30"]

1. f4 {[%emt 0:00:00]} d5 {[%emt 0:00:00]} 2. Nf3 {[%emt 0:00:00]} Bg4 {[%emt 0:00:15]} 3. e3 {[%emt 0:00:00]} e6 {[%emt 0:01:23]} 4. h3 {[%emt 0:00:51]} (4. g3 c5 5. Bg2 Nc6 6. O-O Nf6 7. d3 Be7 8. b3 O-O 9. Bb2 b5 10. h3 Bh5 11. Nbd2 Qb6 {0-1 (83) Moussard,J (2579)-Zubov,A (2597) Bastia 2018}) 4... Bxf3 {[%emt 0:02:42]} 5. Qxf3 {[%emt 0:00:03]} c6 {[%emt 0:00:13]} 6. d4 {[%emt 0:00:20] A03: Bird's Opening with 1...d5} Nd7 {[%emt 0:00:41]} 7. Bd3 {[%emt 0:00:11]} Bd6 {[%emt 0:02:03]} 8. c4 {[%emt 0:02:07]} Ngf6 {[%emt 0:06:29]} 9. Nc3 {[%emt 0:00:06]} Qc7 $146 {[%emt 0:12:56]} ({Predecessor:} 9... O-O 10. Bd2 Rc8 11. c5 Bc7 12. O-O Ne8 {0-1 (63) Lasek,F (1804)-Thanatipanonda,T (2101) Koh Lanta Island 2012}) 10. Bd2 {[%emt 0:01:40]} a6 {[%emt 0:05:29]} 11. Rc1 {[%emt 0:00:41]} dxc4 {[%emt 0:01:48]} 12. Bxc4 {[%emt 0:00:03]} c5 {[%emt 0:00:08]} 13. dxc5 {[%emt 0:01:29]} Qxc5 {[%emt 0:11:47]} 14. Bxa6 {[%emt 0:13:53]} Rxa6 {[%emt 0:03:06]} 15. Nd1 {[%emt 0:00:06]} Qb5 {[%emt 0:04:07]} 16. Rc8+ {[%emt 0:00:02]} Ke7 {[%emt 0:00:04]} 17. Rxh8 Nc5 18. Qe2 {[%emt 0:11:49]} Nd3+ $1 {[%emt 0:01:46]} 19. Kf1 {[%emt 0:00:02]} Ne4 {[%emt 0:00:13]} 20. Be1 {[%emt 0:00:11]} Rxa2 {[%emt 0:03:22]} 21. Kg1 $1 {[%emt 0:00:33]} ({Don't go for} 21. Rxh7 $2 Ra1 $19) 21... g5 {[%emt 0:11:02]} 22. Rxh7 {[%emt 0:06:31]} (22. Qc2 $1 $14 Ra1 23. Qc8) 22... Qf5 $2 {[%emt 0:03:59]} (22... Ra1 $11 23. Kh2 gxf4 24. Bh4+ Kf8 25. exf4 Qf5 {[%mdl 64] Double Attack} 26. Qxd3 Qxh7) 23. Qxd3 {[%emt 0:00:44]} Qxh7 $18 {[%emt 0:00:07]} (23... Ra1 24. Rh8 Qd5 25. Qxd5 exd5) 24. Nc3 {[%emt 0:00:18]} Ra1 {[%emt 0:00:41]} 25. Nxe4 {[%emt 0:01:48]} Rxe1+ {[%emt 0:00:16]} 26. Kf2 {[%emt 0:00:34]} 1-0

[Event "CAT-chT Honor Division 2019"]
[Site "Catalonia"]
[Date "2019.03.30"]
[Round "11.7"]
[White "Hernandez, Cristian Andres"]
[Black "Lorenzo De La Riva, Lazaro"]
[Result "1/2-1/2"]
[WhiteElo "2320"]
[BlackElo "2397"]
[Annotator "NA"]
[PlyCount "69"]
[EventDate "2019.01.16"]
[EventType "team-tourn"]
[EventCountry "ESP"]
[SourceTitle "playchess.com"]
[Source "ChessBase"]
[SourceQuality "1"]
[WhiteTeam "CE Barbera"]
[BlackTeam "Colon Sabadell Chessy"]
[TimeControl "5400+30"]

1. d4 Nf6 2. c4 g6 3. Nc3 d5 4. cxd5 Nxd5 5. e4 Nxc3 6. bxc3 Bg7 7. Bc4 c5 8. Ne2 O-O 9. O-O Nc6 10. Be3 b6 11. dxc5 {D87: Exchange Grünfeld: Classical Line: Variations without ...cxd4} (11. Rc1 Bb7 12. Qd2 e6 13. Rfd1 Rc8 14. f3 cxd4 15. cxd4 Qd6 16. Bh6 Bxh6 17. Qxh6 Na5 18. Bd3 Rxc1 19. Qxc1 {½-½ (50) Nakamura,H (2746)-Vachier Lagrave,M (2781) London 2018}) 11... Qc7 12. cxb6 axb6 13. Bf4 Ne5 14. Bd5 Ra5 15. Qc2 $146 ({Predecessor:} 15. Qc1 Ba6 16. Re1 Rc8 17. Qe3 Rc5 18. Rac1 e6 19. Bb3 Qa7 20. Bxe5 Bxe5 21. c4 Bf6 22. h3 Qc7 {0-1 (22) Hilgert,V (1695)-Ziegler,M (2167) Eschborn 2013}) 15... Ba6 16. Rfd1 e6 17. Bb3 g5 18. Bg3 Rc5 19. f3 Bxe2 20. Qxe2 Rxc3 21. Qd2 h6 22. Rac1 Rc8 23. Rxc3 Qxc3 24. Qxc3 Rxc3 25. Bf2 b5 26. Bd4 Rc8 27. Kf2 Ra8 28. Ke2 h5 29. g3 Nc6 30. Be3 g4 31. f4 Na5 32. Bc2 Nc4 33. Bb3 Na5 $11 34. Bc2 Nc4 35. Bb3 1/2-1/2

[Event "CAT-chT Honor Division 2019"]
[Site "Catalonia"]
[Date "2019.03.30"]
[Round "11.7"]
[White "Fernandez Madrid, Carlos"]
[Black "Hernando Rodrigo, Julio Antonio"]
[Result "1-0"]
[WhiteElo "2042"]
[BlackElo "2308"]
[Annotator "ChessBase"]
[PlyCount "127"]
[EventDate "2019.01.16"]
[EventType "team-tourn"]
[EventCountry "ESP"]
[SourceTitle "playchess.com"]
[Source "ChessBase"]
[SourceQuality "1"]
[WhiteTeam "SJO"]
[BlackTeam "EEB"]
[TimeControl "5400+30"]

1. d4 {[%emt 0:00:00]} Nf6 {[%emt 0:00:00]} 2. c4 {[%emt 0:00:01]} g6 {[%emt 0:00:00]} 3. Nc3 {[%emt 0:00:04]} Bg7 {[%emt 0:00:00]} 4. e4 {[%emt 0:00:06]} d6 {[%emt 0:00:00]} 5. Nf3 {[%emt 0:00:06]} O-O {[%emt 0:00:07]} 6. h3 {[%emt 0:00:08]} e5 {[%emt 0:00:25]} 7. d5 {[%emt 0:00:05]} a5 {[%emt 0:00:35]} 8. Be3 {[%emt 0:00:26]} Na6 {[%emt 0:00:18]} 9. g4 {[%emt 0:00:05]} Nc5 {[%emt 0:00:29]} 10. Nd2 {[%emt 0:00:06]} Nfd7 {[%emt 0:01:02]} 11. Rg1 {[%emt 0:01:52]} c6 {[%emt 0:00:49]} 12. g5 {[%emt 0:02:16]} f5 {[%emt 0:03:05]} 13. h4 {[%emt 0:01:36]} cxd5 {[%emt 0:02:40]} 14. cxd5 {[%emt 0:03:41]} f4 {[%emt 0:00:37]} 15. Bxc5 {[%emt 0:00:16]} Nxc5 {[%emt 0:00:10]} 16. h5 {[%emt 0:00:13]} Rf7 {[%emt 0:00:32]} 17. Qf3 {[%emt 0:00:58]} a4 {[%emt 0:02:21]} 18. hxg6 {[%emt 0:03:27]} hxg6 {[%emt 0:00:10]} 19. Bh3 {[%emt 0:00:42]} b5 {[%emt 0:09:10]} 20. Bxc8 {[%emt 0:00:57]} Qxc8 {[%emt 0:03:51]} 21. a3 {[%emt 0:04:41]} Bf8 {[%emt 0:15:51]} 22. Na2 {[%emt 0:07:24]} b4 {[%emt 0:03:47]} 23. Nxb4 {[%emt 0:00:54]} Rb8 {[%emt 0:00:16]} 24. Rh1 {[%emt 0:05:06]} Rfb7 {[%emt 0:12:04]} 25. Qh3 {[%emt 0:03:59]} Qxh3 {[%emt 0:00:31]} 26. Rxh3 {[%emt 0:00:02]} Rxb4 {[%emt 0:00:13]} 27. axb4 {[%emt 0:00:03]} Rxb4 {[%emt 0:00:07]} 28. O-O-O {[%emt 0:03:17]} Rd4 {[%emt 0:03:39]} 29. Kc2 {[%emt 0:10:51]} Be7 {[%emt 0:01:06]} 30. Rdh1 {[%emt 0:01:07]} Rxd2+ {[%emt 0:01:04]} 31. Kxd2 {[%emt 0:00:12]} Nxe4+ {[%emt 0:00:06]} 32. Ke2 {[%emt 0:01:11]} Nxg5 {[%emt 0:00:19]} 33. Ra3 {[%emt 0:00:12]} e4 {[%emt 0:01:39]} 34. Rxa4 {[%emt 0:01:38]} Bf6 {[%emt 0:01:03]} 35. Rg1 {[%emt 0:00:55]} f3+ {[%emt 0:03:39]} 36. Ke3 {[%emt 0:05:08]} Bxb2 {[%emt 0:00:57]} 37. Rxg5 {[%emt 0:00:23]} Bc1+ {[%emt 0:00:06]} 38. Kxe4 {[%emt 0:00:02]} Bxg5 {[%emt 0:00:07]} 39. Ra7 {[%emt 0:00:21]} Kf8 {[%emt 0:01:08]} 40. Kxf3 {[%emt 0:00:19]} Be7 {[%emt 0:00:26]} 41. Kg4 {[%emt 0:00:15]} Kf7 {[%emt 0:00:19]} 42. f4 {[%emt 0:00:54]} Kf6 {[%emt 0:00:13]} 43. Rd7 {[%emt 0:00:22]} Bf8 {[%emt 0:00:44]} 44. Rh7 {[%emt 0:02:04]} Be7 {[%emt 0:02:14]} 45. Rh1 {[%emt 0:00:31]} Bd8 {[%emt 0:01:21]} 46. Re1 {[%emt 0:00:23]} Kf7 {[%emt 0:01:39]} 47. Re6 {[%emt 0:00:18]} Be7 {[%emt 0:00:26]} 48. Kf3 {[%emt 0:00:31]} Bf8 {[%emt 0:00:40]} 49. Ke4 {[%emt 0:00:12]} Be7 {[%emt 0:00:27]} 50. Kd4 {[%emt 0:00:26]} Bf8 {[%emt 0:00:05]} 51. Kc4 {[%emt 0:00:06]} Be7 {[%emt 0:02:44]} 52. Kb5 {[%emt 0:00:06]} Bh4 {[%emt 0:00:19]} 53. Kc6 {[%emt 0:00:29]} Bg3 {[%emt 0:01:49]} 54. Re4 {[%emt 0:06:12]} Kf6 55. Kxd6 {[%emt 0:00:58]} g5 {[%emt 0:07:54]} 56. Kc6 g4 {[%emt 0:15:49]} 57. d6 {[%emt 0:01:19]} Kf5 {[%emt 0:03:17]} 58. d7 {[%emt 0:01:21]} Bh4 {[%emt 0:00:49]} 59. Kd5 {[%emt 0:00:41]} g3 {[%emt 0:00:31]} 60. Re5+ {[%emt 0:00:10]} Kg4 {[%emt 0:01:26]} 61. Re8 {[%emt 0:02:32]} Kf3 {[%emt 0:02:11]} 62. f5 {[%emt 0:00:56]} g2 {[%emt 0:01:02]} 63. Rg8 {[%emt 0:00:06]} Bd8 {[%emt 0:00:29]} 64. Ke6 {[%emt 0:00:08]} 1-0

[Event "CAT-chT Honor Division 2019"]
[Site "Catalonia"]
[Date "2019.03.30"]
[Round "11.8"]
[White "Bofill Mas, Alejandro"]
[Black "Perez Manas, Benjamin"]
[Result "1-0"]
[WhiteElo "2324"]
[BlackElo "2303"]
[Annotator "ChessBase"]
[PlyCount "99"]
[EventDate "2019.01.16"]
[EventType "team-tourn"]
[EventCountry "ESP"]
[SourceTitle "playchess.com"]
[Source "ChessBase"]
[SourceQuality "1"]
[WhiteTeam "Colon Sabadell Chessy"]
[BlackTeam "CE Barbera"]
[TimeControl "5400+30"]

1. c4 f5 2. g3 Nf6 3. Bg2 g6 4. Nc3 d6 5. d3 Bg7 6. e4 O-O 7. Nge2 Nc6 8. O-O e5 9. Nd5 Be6 10. Bg5 Qd7 11. Qd2 Nh5 12. exf5 Bxf5 13. Rad1 Rf7 14. b4 Bh3 15. b5 Nd8 16. d4 Bxg2 17. Kxg2 c6 18. Ndc3 exd4 19. Nxd4 Ne6 20. Be3 Bxd4 21. Bxd4 Nxd4 22. Qxd4 Rf4 23. bxc6 Qxc6+ 24. Qd5+ Qxd5+ 25. Nxd5 Rxc4 26. Rd2 Re8 27. Rfd1 Kf7 28. Rd3 Rc6 29. Rf3+ Kg7 30. g4 Re5 31. gxh5 Rxh5 32. Rb3 Rg5+ 33. Kf1 b6 34. Ra3 a5 35. Ne3 Rh5 36. Kg2 Rg5+ 37. Kf3 Rh5 38. Kg3 Rg5+ 39. Kf4 Rh5 40. h3 Rb5 41. Rad3 Rb2 42. R1d2 Rxd2 43. Rxd2 Kf6 44. a4 Ke6 45. Ke4 Rc3 46. Nd5 Ra3 47. Rd4 Rb3 48. h4 Kd7 49. Rc4 Ke6 50. Rc7 1-0

[Event "CAT-chT Honor Division 2019"]
[Site "Catalonia"]
[Date "2019.03.30"]
[Round "11.8"]
[White "Vehi Bach, Victor Manuel"]
[Black "Campins Machado, Francesc"]
[Result "1-0"]
[WhiteElo "2306"]
[BlackElo "2109"]
[Annotator "ChessBase"]
[PlyCount "63"]
[EventDate "2019.01.16"]
[EventType "team-tourn"]
[EventCountry "ESP"]
[SourceTitle "playchess.com"]
[Source "ChessBase"]
[SourceQuality "1"]
[WhiteTeam "EEB"]
[BlackTeam "SJO"]
[TimeControl "5400+30"]

1. e4 c5 2. Nf3 e6 3. d4 cxd4 4. Nxd4 Nf6 5. Nc3 d6 6. Be3 Be7 7. g4 h6 8. Qe2 Nc6 9. O-O-O Bd7 10. h3 g5 11. Ndb5 Qb8 12. Qd2 O-O 13. Be2 Ne8 14. h4 a6 15. Nd4 Qd8 16. hxg5 hxg5 17. Rh3 Ng7 18. f4 gxf4 19. Bxf4 Nxd4 20. Qxd4 e5 21. Bxe5 Bg5+ 22. Kb1 Bxg4 23. Rh8+ Kxh8 24. Bxg7+ Kg8 25. Bxg4 Re8 26. Nd5 Re6 27. Rh1 Bh4 28. Bxe6 fxe6 29. Bf6 Bxf6 30. Nxf6+ Kf7 31. Rh7+ Kg6 32. Qg1+ 1-0

[Event "CAT-chT Honor Division 2019"]
[Site "Catalonia"]
[Date "2019.03.30"]
[Round "11.9"]
[White "Obon Temprano, Sergi"]
[Black "Perpinya Rofes, Lluis Maria"]
[Result "0-1"]
[WhiteElo "2273"]
[BlackElo "2317"]
[Annotator "ChessBase"]
[PlyCount "104"]
[EventDate "2019.01.16"]
[EventType "team-tourn"]
[EventCountry "ESP"]
[SourceTitle "playchess.com"]
[Source "ChessBase"]
[SourceQuality "1"]
[WhiteTeam "CE Barbera"]
[BlackTeam "Colon Sabadell Chessy"]
[TimeControl "5400+30"]

1. d4 Nf6 2. Nc3 d5 3. Bf4 c5 4. e3 e6 5. Nf3 Be7 6. h3 O-O 7. g4 Qb6 8. Rb1 Nc6 9. Bg2 Qa6 10. Qe2 b6 11. Bf1 Qa5 12. Qb5 Bb7 13. Bd3 Qxb5 14. Bxb5 Rac8 15. O-O cxd4 16. exd4 Nb4 17. Ne1 a6 18. Be2 b5 19. Rd1 Rxc3 20. bxc3 Nxa2 21. Ra1 Nxc3 22. Bd3 Bb4 23. Nf3 a5 24. Nd2 a4 25. Nb1 Rc8 26. f3 Ne8 27. Bd2 Nd6 28. Kf2 f6 29. Nxc3 Bxc3 30. Bxc3 Rxc3 31. Rfb1 Bc6 32. Ke2 e5 33. dxe5 fxe5 34. Kd2 d4 35. Re1 Rc5 36. Ke2 Kf7 37. Kf2 Kf6 38. h4 h6 39. g5+ hxg5 40. hxg5+ Ke6 41. Re2 Nf7 42. f4 Kd6 43. g6 Nh6 44. fxe5+ Rxe5 45. Rxe5 Ng4+ 46. Ke2 Nxe5 47. Rb1 Kc5 48. Rf1 a3 49. Kd2 b4 50. Rf5 Kd6 51. Rf1 Nxd3 52. cxd3 b3 0-1

[Event "CAT-chT Honor Division 2019"]
[Site "Catalonia"]
[Date "2019.03.30"]
[Round "11.9"]
[White "Hapala, Elisabeth"]
[Black "Chueca Forcen, Alberto"]
[Result "0-1"]
[WhiteElo "2136"]
[BlackElo "2270"]
[Annotator "ChessBase"]
[PlyCount "82"]
[EventDate "2019.01.16"]
[EventType "team-tourn"]
[EventCountry "ESP"]
[SourceTitle "playchess.com"]
[Source "ChessBase"]
[SourceQuality "1"]
[WhiteTeam "SJO"]
[BlackTeam "EEB"]
[TimeControl "5400+30"]

1. e4 {[%emt 0:00:00]} Nf6 {[%emt 0:07:23]} 2. e5 {[%emt 0:01:37]} Nd5 {[%emt 0:00:14]} 3. d4 {[%emt 0:00:05]} d6 {[%emt 0:00:12]} 4. c4 {[%emt 0:00:08]} Nb6 {[%emt 0:00:02]} 5. exd6 {[%emt 0:00:16]} exd6 {[%emt 0:00:02]} 6. h3 {[%emt 0:04:00]} Be7 {[%emt 0:00:12]} 7. Nf3 {[%emt 0:00:05]} O-O {[%emt 0:00:45]} 8. Be2 {[%emt 0:12:36]} Be6 {[%emt 0:01:57]} 9. d5 {[%emt 0:07:06]} Bf5 {[%emt 0:00:29]} 10. Nc3 {[%emt 0:00:38]} N8d7 {[%emt 0:07:19]} 11. Be3 {[%emt 0:02:32]} h6 {[%emt 0:04:38]} 12. O-O {[%emt 0:01:09]} Bf6 {[%emt 0:01:20]} 13. Rc1 {[%emt 0:02:46]} Re8 {[%emt 0:01:27]} 14. b4 {[%emt 0:13:31]} a5 {[%emt 0:03:07]} 15. a3 {[%emt 0:00:05]} axb4 {[%emt 0:00:21]} 16. axb4 {[%emt 0:00:02]} Nc8 {[%emt 0:06:30]} 17. Qb3 {[%emt 0:05:15]} Ne5 {[%emt 0:04:08]} 18. Nd4 {[%emt 0:04:30]} Bd3 {[%emt 0:06:32]} 19. Bxd3 {[%emt 0:04:16]} Nxd3 {[%emt 0:01:26]} 20. Rcd1 {[%emt 0:00:06]} Ne5 {[%emt 0:01:29]} 21. c5 {[%emt 0:12:58]} b6 {[%emt 0:05:40]} 22. c6 {[%emt 0:04:35]} Ne7 {[%emt 0:02:41]} 23. Ne4 {[%emt 0:06:44]} N7g6 {[%emt 0:06:12]} 24. Nxf6+ {[%emt 0:04:50]} Qxf6 {[%emt 0:01:34]} 25. f4 {[%emt 0:02:25]} Nc4 {[%emt 0:09:49]} 26. Bc1 {[%emt 0:00:21]} b5 {[%emt 0:01:11]} 27. Nxb5 {[%emt 0:00:17]} Re2 {[%emt 0:00:23]} 28. Nd4 {[%emt 0:06:35]} Nd2 {[%emt 0:09:24]} 29. Qd3 {[%emt 0:00:24]} Rxg2+ {[%emt 0:02:00]} 30. Kxg2 {[%emt 0:00:04]} Nxf1 {[%emt 0:00:06]} 31. Rxf1 {[%emt 0:00:57]} Ra2+ {[%emt 0:00:02]} 32. Rf2 {[%emt 0:02:16]} Nh4+ {[%emt 0:00:01]} 33. Kg1 {[%emt 0:02:12]} Ra1 {[%emt 0:00:03]} 34. Ne2 {[%emt 0:00:35]} Qb2 {[%emt 0:00:46]} 35. Rf1 {[%emt 0:00:40]} Qxb4 {[%emt 0:00:22]} 36. Bd2 {[%emt 0:00:47]} Qc5+ {[%emt 0:04:19]} 37. Be3 {[%emt 0:00:09]} Qa5 {[%emt 0:00:44]} 38. Rxa1 {[%emt 0:00:23]} Qxa1+ {[%emt 0:00:02]} 39. Bc1 {[%emt 0:00:24]} Qa7+ {[%emt 0:00:56]} 40. Qe3 {[%emt 0:00:36]} Qa5 {[%emt 0:00:03]} 41. Qd2 {[%emt 0:01:00]} Nf3+ {[%emt 0:00:06]} 0-1

[Event "CAT-chT Honor Division 2019"]
[Site "Catalonia"]
[Date "2019.03.30"]
[Round "11.10"]
[White "Garcia Ramos, Daniel"]
[Black "Martinez Ramirez, Erik"]
[Result "1-0"]
[WhiteElo "2282"]
[BlackElo "2222"]
[Annotator "TA"]
[PlyCount "148"]
[EventDate "2019.01.16"]
[EventType "team-tourn"]
[EventCountry "ESP"]
[SourceTitle "playchess.com"]
[Source "ChessBase"]
[SourceQuality "1"]
[WhiteTeam "Colon Sabadell Chessy"]
[BlackTeam "CE Barbera"]

{[%evp 12,148,29,20,29,27,79,68,53,60,58,51,71,73,122,106,87,37,141,77,75,81,93,87,120,72,61,54,95,0,0,0,59,47,49,54,47,54,50,0,0,0,0,0,0,0,0,0,2,3,0,0,46,27,88,88,88,123,119,54,129,94,134,42,49,19,61,17,25,15,6,17,12,0,0,-15,-17,-17,-17,-150,-127,-120,-33,-69,0,-87,0,-238,-200,-253,-251,-343,-341,-320,-235,-304,-170,-195,0,0,0,0,0,0,0,0,0,-8,-8,-1189,0,-8,0,0,0,-28,0,0,0,0,0,0,0,0,0,0,0,0,0,0,0,0,29983,29984,29984,29985,29986,29987,29986]} 1. e4 c5 2. Nf3 g6 3. d4 cxd4 4. Qxd4 Nf6 5. e5 Nc6 6. Qa4 Nd5 7. Qe4 e6 {B27: Sicilian: 2 Nf3, unusual Black 2nd moves} (7... Nb6 8. Nc3 Bg7 9. Bf4 d5 10. exd6 Bf5 11. dxe7 Qd7 12. Qe3 Nb4 13. Rc1 Nxc2+ 14. Rxc2 Bxc2 15. Bb5 Bxc3+ 16. Qxc3 Qxb5 17. Qxh8+ Kxe7 {½-½ (22) Ortiz Suarez,I (2548)-Guseinov,G (2654) Barbera del Valles 2018}) 8. c4 Bb4+ (8... Nde7 $11) 9. Bd2 $16 Bxd2+ {White is slightly better.} 10. Nbxd2 f5 11. Qc2 Ndb4 12. Qc3 a5 $146 ({Predecessor:} 12... b6 13. a3 Na6 14. b4 Ne7 15. O-O-O {1-0 (51) Kolodkin,D (1981)-Sadallah,O (2114) Hoogeveen 2013}) 13. a3 Na6 14. h4 h6 (14... b6 $14) 15. Bd3 (15. c5 $142 $1) 15... Nc5 16. Bc2 a4 17. g4 fxg4 18. Bxg6+ Ke7 19. Qe3 Ra5 $1 20. Qf4 (20. Nd4 $1 $16) 20... Qf8 $11 21. Qxg4 Nb3 (21... Rg8 $1 $11 22. Ke2 Nb3) 22. Nxb3 $14 Nxe5 23. Nxe5 Rxe5+ 24. Kf1 axb3 25. Rd1 (25. Rh3 $5 {[%cal Rh3f3]} Rg8 26. h5 $14) 25... h5 $1 {[%cal Rh5g4]} 26. Qd4 Qf3 {[%cal Rf3h1]} 27. Qxe5 Qxd1+ 28. Kg2 Qg4+ 29. Qg3 b5 $132 {[%mdl 2048] Strongly threatening ...Bb7+. Black puts up resistance} 30. Qxg4 hxg4 $11 {[%mdl 4096] Endgame KRB-KRB} 31. Rc1 Bb7+ 32. Kg3 Rc8 (32... Rf8 $11) 33. c5 $1 $16 ({Much weaker is} 33. Kxg4 bxc4 34. h5 d5 $15) 33... Rf8 {With the idea ...Rf3+.} 34. Rc3 $1 Bd5 35. Bh5 (35. h5 $16) 35... Bc4 (35... Ra8 $14) 36. Bxg4 Rc8 37. Bd1 (37. a4 $1 $16) 37... Rxc5 $14 38. Bxb3 d5 $1 39. Bd1 d4 40. Rc2 Rc8 41. Rd2 e5 $1 42. f4 Rg8+ 43. Kf2 Rf8 44. Kg3 Rxf4 45. Be2 (45. h5 $11) 45... Kd6 46. h5 Rf6 ({Better is} 46... Rf8 $1 $17 {aiming for ...Bxe2.} 47. Bxc4 bxc4) 47. Bf3 Bd5 ({Black should try} 47... Rh6 $15) 48. Bg4 (48. Bxd5 $1 $11 Kxd5 49. Rh2) 48... Kc5 (48... Rf1 $17 {White must now prevent ...Rg1+.} 49. h6 Be4) 49. b4+ $2 (49. Rf2 $11 {and White is okay.} Rh6 50. Rf5) 49... Kc4 $19 50. Rc2+ Kb3 $1 {[%cal Rb3c2]} 51. Rc5 Bc4 $1 52. Rxe5 Kxa3 53. Kh4 {[#]} Kxb4 (53... d3 $142 $1 54. Re8 (54. Kg5 $2 Rf8 $19) 54... Rd6) 54. Kg5 {[#]} Rf1 $2 ({Black should play} 54... Rf8 $1 $19 55. h6 d3) 55. h6 $11 Bd3 56. Re7 Rh1 57. Rd7 Kc3 58. Rc7+ Kb4 59. Bh5 Rg1+ 60. Bg4 $2 {[%mdl 8192]} (60. Kf4 $11) 60... Rh1 $2 (60... Be2 $1 $19 61. Re7 Rxg4+ 62. Kf5 Rg2) 61. Rc6 Be4 62. Re6 Bc2 63. Kf4 Bh7 64. Bf3 Rf1 65. Re7 Bg6 66. Rg7 Bc2 67. Rd7 Ra1 68. Rxd4+ Kc3 69. Rd7 {And now Rc7+ would win.} Ra6 70. Rc7+ Kd2 71. Kg5 b4 $2 {[%mdl 8192] [#]} (71... Rg6+ $11 72. Kh5 Rg8) 72. Rxc2+ $1 {[%mdl 512] White mates.} Kxc2 73. h7 Ra5+ 74. Kf4 b3 {Accuracy: White = 45%, Black = 40%.} 1-0

[Event "CAT-chT Honor Division 2019"]
[Site "Catalonia"]
[Date "2019.03.30"]
[Round "11.10"]
[White "Avila Jimenez, Xavier"]
[Black "Barcelo Sola, David"]
[Result "1-0"]
[WhiteElo "2159"]
[BlackElo "1991"]
[Annotator "NA"]
[PlyCount "60"]
[EventDate "2019.01.16"]
[EventType "team-tourn"]
[EventCountry "ESP"]
[SourceTitle "playchess.com"]
[Source "ChessBase"]
[SourceQuality "1"]
[WhiteTeam "EEB"]
[BlackTeam "SJO"]
[TimeControl "5400+30"]

1. d4 {[%emt 0:00:00]} d5 {[%emt 0:00:00]} 2. c4 {[%emt 0:00:00]} e6 {[%emt 0:00:00]} 3. Nc3 {[%emt 0:00:25]} c5 {[%emt 0:00:11]} 4. cxd5 {[%emt 0:01:54]} cxd4 {[%emt 0:00:14]} 5. Qa4+ {[%emt 0:01:58]} Bd7 {[%emt 0:06:27]} 6. Qxd4 {[%emt 0:00:35]} exd5 {[%emt 0:00:52]} 7. Qxd5 {[%emt 0:03:56]} Nf6 {[%emt 0:02:42] D32: Tarrasch Defence: Sidelines and lines without g3} (7... Nc6 8. Nf3 Nf6 9. Qd1 Bc5 10. Bg5 Qb6 11. e3 Qxb2 12. Bxf6 gxf6 13. Ne4 Bb4+ 14. Ned2 Bg4 15. Qc1 Qxc1+ 16. Rxc1 Bxf3 17. gxf3 O-O-O {0-1 (17) Baron,T (2532)-Gareyev,T (2569) St Petersburg 2018}) 8. Qb3 {[%emt 0:07:34]} Nc6 {[%emt 0:03:44]} 9. e3 {[%emt 0:04:14]} Qc7 {[%emt 0:09:12]} 10. Nf3 {[%emt 0:06:38]} O-O-O {[%emt 0:19:44]} 11. Bd2 {[%emt 0:09:26]} Kb8 {[%emt 0:02:09]} 12. Rc1 $146 {[%emt 0:10:37]} ({Predecessor:} 12. Nb5 Qb6 13. Nbd4 Ne4 14. Nxc6+ Bxc6 15. Bc3 Nxc3 16. bxc3 {1-0 (55) Overbeck,T (2097)-Klink,R (2239) Kassel 2000}) 12... Be6 {[%emt 0:01:18]} 13. Qa4 {[%emt 0:00:24]} a6 {[%emt 0:10:58]} 14. Be2 {[%emt 0:08:12]} Bd6 {[%emt 0:10:53]} 15. a3 {[%emt 0:04:24]} g5 {[%emt 0:07:18]} (15... Bd7 $16) 16. Nxg5 {[%emt 0:09:38]} Bxh2 {[%emt 0:06:27]} 17. Nxe6 {[%emt 0:04:21]} fxe6 {[%emt 0:00:10]} 18. Qh4 {[%emt 0:02:21]} Be5 {[%emt 0:01:17]} 19. f4 {[%emt 0:01:15]} Bxc3 $2 {[%emt 0:06:39]} (19... Rxd2 {was worth a try.} 20. fxe5 (20. Kxd2 Bxc3+ 21. Rxc3 Ne4+ 22. Ke1 Qb6 $14) 20... Rxe2+ 21. Nxe2 Qa5+ 22. b4 Qxe5) 20. Bxc3 {[%emt 0:00:21]} Ne4 {[%emt 0:01:15] [#]} 21. Be5 $1 {[%emt 0:00:23]} Nxe5 {[%emt 0:02:06]} 22. Rxc7 {[%emt 0:00:09]} Ng6 {[%emt 0:01:48]} 23. Qxd8+ {[%emt 0:02:48]} Rxd8 {[%emt 0:00:17]} 24. Rhxh7 {[%emt 0:00:01]} Nd6 {[%emt 0:00:55]} 25. Rcd7 {[%emt 0:00:22]} Rxd7 {[%emt 0:00:21]} 26. Rxd7 {[%emt 0:00:01]} Ne4 {[%emt 0:01:00]} 27. Bd3 {[%emt 0:01:28]} Nc5 {[%emt 0:00:17]} 28. Rxb7+ {[%emt 0:00:19]} Kxb7 $18 {[%emt 0:00:49]} 29. Bxg6 {[%emt 0:00:01]} Kc6 {[%emt 0:00:24]} 30. b4 {[%emt 0:00:47]} Nb3 {[%emt 0:00:49]} 1-0